Quizzes
Events
Quiz Creation
Community
Videos
Private Events
Remove Ads
Sign In
Join for FREE
Feedback
Dark Mode
Quiz Categories
Sports
Geography
Music
Movies
Television
Just For Fun
Miscellaneous
History
Literature
Language
Science
Gaming
Entertainment
Religion
Holiday
For Kids
Quiz Lab
Recent
Popular Today
Quiz Kudos Today
Editor Picks
Curator Picks
Quizzes by...
Day
Popularity
Type
Ratings
Length
Year
Community
Subscriptions
Recent Discussions
Orange Saloon
Badges
Playlists
Quests
Create
Leaderboards
Showdown
Live 5
Trivia Bingo
Activity
Puzzle Library
Sporcle Events
Private Events
Virtual Trivia
Globe League
Become a Host
Pub Owners
SporcleCon
Opinionation
Our Games
Videos
Blog
Mobile Apps
Partnerships
Remove Ads and Go Orange
Feedback
Music
Pop Music
The Beatles
Song
Album
Lyrics
Bands
Singers
Artist
Clip
Rock
Rap
Classical
Billboard
Country Music
Kpop
Taylor Swift
Music
Pop Music
The Beatles
Song
Album
Lyrics
Bands
Singers
Artist
Clip
Rock
Rap
Classical
Billboard
Country Music
Kpop
Taylor Swift
Random Quiz
Search Sporcle
×
Quiz Lab
Quiz Lab
Music
Lyrics
Type in answers that appear in a list
Type in answers that appear in a list
Classic
Best Score? Go Orange.
Arctic Monkeys 505 lyrics Stats
Can you name the lyrics to the song '505' by the Arctic Monkeys?
By
melodious10
5m
210 Questions
11.9K Plays
11,870 Plays
11,870 Plays
Comments
Comments
Give Quiz Kudos
Give Quiz Kudos
-
- Ratings
hide this ad
Replay
Link that replays current quiz
Next Quiz
Link to next quiz in quiz playlist
You Got
0%
They Got
Avg Score
85%
Avg Friend Score
Upgrade to see
Score Distribution
Jump to the score distribution portion of the page
Score
0/210
Timer
05:00
2
Plays Today
% Correct
I
99.8%
I
99.8%
I
99.8%
I
99.8%
I'm
99.2%
I'm
99.2%
I'm
99.2%
I'm
99.2%
to
99.2%
to
99.2%
to
99.2%
to
99.2%
to
99.2%
to
99.2%
back
99.1%
a
99.1%
a
99.1%
a
99.1%
a
99.1%
A
99.1%
a
99.1%
a
99.1%
a
99.1%
a
99.1%
back
99.1%
back
99.1%
a
99.1%
a
99.1%
505
99%
505
99%
505
99%
going
98.7%
going
98.7%
going
98.7%
go
98.5%
In
98.2%
In
98.2%
hour
98.2%
In
98.2%
hour
98.2%
hour
98.2%
It
98.1%
seven
98%
seven
98%
seven
98%
drive
97.9%
drive
97.9%
drive
97.9%
you
97.8%
you
97.8%
you
97.8%
you
97.8%
you
97.8%
or
97.8%
Or
97.8%
or
97.8%
or
97.8%
it's
97.7%
it's
97.7%
it's
97.7%
it's
97.7%
minute
97.7%
minute
97.7%
minute
97.7%
flight
97.5%
flight
97.4%
flight
97.4%
If
97.4%
if
97.4%
If
97.4%
% Correct
my
97.3%
my
97.3%
my
97.3%
my
97.3%
my
97.3%
my
97.3%
your
97.1%
your
97.1%
your
97.1%
your
97.1%
your
97.1%
your
97.1%
your
97.1%
your
97.1%
your
97.1%
your
97.1%
forty-five
96.6%
forty-five
96.6%
forty-five
96.6%
with
96.1%
with
96%
With
96%
with
96%
With
96%
hands
95.6%
hands
95.6%
hands
95.6%
hands
95.6%
hands
95.6%
on
95.6%
on
95.6%
on
95.6%
imagination
95.1%
imagination
95.1%
imagination
95.1%
side
94.7%
side
94.7%
side
94.7%
between
94.6%
between
94.6%
between
94.6%
wait
93.6%
and
93.6%
and
93.6%
and
93.6%
lying
92.6%
lying
92.6%
lying
92.6%
you're
91.5%
you're
91.4%
you're
91.4%
when
91.2%
thighs
91.1%
thighs
91.1%
when
91.1%
thighs
91.1%
me
89.7%
me
89.7%
waiting
89.1%
waiting
89.1%
waiting
89.1%
like
88.8%
like
88.8%
did
88.5%
did
88.5%
sec
88.3%
Stop
87.8%
at
87.2%
at
87.2%
that
86.8%
% Correct
that
86.8%
What
86.4%
look
86%
darling
85.9%
expect
85.7%
neck
85.7%
around
84.9%
time
84%
last
83.7%
checked
83%
the
81%
the
81%
the
81%
the
81%
the
81%
of
80.1%
of
80.1%
of
80.1%
of
80.1%
adore
80.1%
still
79.5%
probably
77.7%
no
75.9%
I'd
74.2%
Not
70.8%
shy
69.7%
spark
69.5%
cry
67.6%
crumble
67%
completely
65.3%
But
63.5%
mark
61.4%
smile
61.3%
knife
59.3%
seems
58.8%
once
57.5%
again
57.5%
goodbye
57%
though
57%
twists
56.6%
start
55.4%
should
55.3%
by
54.8%
adventure
54.6%
perfect
54.5%
place
54.5%
Middle
54%
fall
53.8%
short
53.7%
Oh
52.9%
than
52.7%
thought
52.4%
harsher
52.1%
greet
51.8%
such
51.2%
Frightened
50.1%
bark
49.9%
had
49.6%
surprise
49.3%
spoil
49.2%
eyes
48.8%
just
48%
always
47.9%
you've
47.5%
too
47.5%
Take
46.9%
bite
46.7%
off
46.4%
about
46.1%
soon
45.3%
Quiz Playlist
Details
Report
Send in Message
Add To Playlist
Classic:
Type in answers that appear in a list
Last Updated: Aug 30, 2023
Quiz Scoreboard
CHALLENGE
Sign Up to Join the Scoreboard
Show All
Scores
Hide
Comments
May contain spoilers
Recently Published
College Basketball Coaching Resumes
by pancakes188
Sports
9m
Billboard Blitz: Fleetwood Mac
by CooCooCachoo
Music
15s
Presidents Visiting Landmarks
by Hejman
History
7m
More to Explore
Quiz From the Vault
Featured Blog Post
Where Did the Easter Bunny Come From?
hide this ad
You Might Also Like...
Tags
Lyrics Quiz
Alternative
Alternative Music
Arctic Monkeys
Today's Top Quizzes in Music
Browse Music
hide this ad
Today's Top Quizzes in Lyrics
Browse Lyrics
Top Contributed Quizzes in Music
1
Taylor Swift All Songs (2024)
2
Guess the Artist- 70s Songs
3
7-to-1: Billboard Hot 100 #1 Hits of 2010s
4
Sorting Albums and Songs
5
Taylor Swift Logic Puzzle
6
KPOP LOGIC QUIZ
7
One Thing in Common: Music
8
Guess the Taylor Swift song (Mystery Song)
9
2010s Album by Cover III
10
Guess The Taylor Swift Lyrics Song #1
Explore More
Trending Topics
NBA
Kpop
Crossword
Harry Potter
Disney
Marvel
Anime
Country
NFL
Puzzle
The Office
Pokémon
Song
WWE
Soccer
hide this ad
More By:
melodious10
Quiz
Plays
Rating
Category
Featured
Created
Arctic Monkeys 505 lyrics
11,870
4.91
Music
Feb 2, 2014
Go to Creator's Profile
Score Distribution
Quiz Creator Spotlight
melodious10
Follow
Send a Message
Quizzes Created
-
Created Quiz Play Count
-
More By This Creator
Popular Quizzes Today
1
Find the US States - No Outlines Minefield
2
Find the Countries of Europe - No Outlines Minefield
3
The Countries of the World
4
Find the US States
5
Risky Map Clicking: Biggest States A-Z
6
US States
7
Popular People in 1961
8
Movies - When Are They Set?
More Music Quizzes
Pick the #1 Hit (Female Artists)
Editor's Pick
Trending Quizzes
Risky Map Clicking: Least Populous States A-Z
1-10 Letter G Words
1-10 Letter F Words
Risky Map Clicking: Next State Alphabetically
Click the Washington State Counties! (Map)
Recently Updated
Leaping Animals
pecheneg
Reality TV Shows (A-Z)
bhenderson79
Rickey Henderson's Hall of Fame Teammates
pecheneg
Champions League XIs: Arsenal
pecheneg
Quick Pick: Celebrities in WWE's Hall of Fame
aduchscher
A-Z Keypad Blitz II
pecheneg
Multiple Oscar Actors
pecheneg
Mystery Phrase Blitz: Oscar 'Best Actors'
pecheneg
F. Scott Fitzgerald Novels
LTH
Pick 3 Villains
ddd62291
Trending Topics
Kpop
Disney
Harry Potter
Marvel
Anime
Crossword
NBA
WWE
The Office
Soccer
Country
Puzzle
Pokémon
NFL
Song
Your Account Isn't Verified!
In order to create a playlist on Sporcle, you need to verify the email address you used during registration. Go to your
Sporcle Settings
to finish the process.
Report this User
Report this user for behavior that violates our
Community Guidelines
.
Details:
Send Report
Go to the Sporcle.com Mobile Site →
Comments